000 00300nam a2200121Ia 4500
008 191201s2017 xx 000 0 und d
100 _aTREHAN, Mukesh
245 0 _aMicro Business Environment(BBA 3rd Sem)
260 _aN. Delhi
_bV.K Global
_c2017
300 _a191
650 _aBBA
942 _2ddc
_cBK
999 _c6733
_d6733